00391cam a22000977a 4500008004000000082001900040245012000059260006300179300001000242700004100252180718b1969 xxu||||| |||| 00| 0 eng d aR06x54 In2ag 2 aNational commission on labour : analysis of replies to commission's questionnairecby National Commission On Labour aNew DelhibTrade Unions and Employer's Organisationsc1969 a388p. aIndia. National Commission On Labour